CAD frameworks : principles and architecture

Αποθηκεύτηκε σε:
Λεπτομέρειες βιβλιογραφικής εγγραφής
Κύριος συγγραφέας: Wolf, Pieter van der
Μορφή: Βιβλίο
Γλώσσα:English
Δημοσίευση: Boston : Kluwer, c1994
Σειρά:Kluwer international series in engineering and computer science. VLSI, computer architecture, and digital signal processing
Θέματα:
Ετικέτες: Προσθήκη ετικέτας
Δεν υπάρχουν, Καταχωρήστε ετικέτα πρώτοι!

MARC

LEADER 00000nam a2200000 i 4500
001 1/19519
008 010507s1994 eng d
020 |a 0-7923-9501-8 
035 |l 10066882 
040 |a GR-MY-UA  |b gre  |e aacr 
041 0 |a eng 
082 0 |a 620.00420285 
100 1 |a Wolf, Pieter van der. 
245 1 0 |a CAD frameworks :  |b principles and architecture /  |c by Pieter van der Wolf 
260 |a Boston :   |b Kluwer,   |c c1994 
300 |a ix, 225 p.;  |b ill.;  |c 25 cm. 
490 1 |a Kluwer international series in engineering and computer science  |v ; VLSI, computer architecture and digital signal processing 
504 |a Includes bibliography and index 
650 0 0 |a Computer-aided design. 
650 0 0 |a Frames (Information theory) 
830 0 |a Kluwer international series in engineering and computer science. VLSI, computer architecture, and digital signal processing 
852 |a INST  |b SYROS  |e 20010507  |h 620.00420285 WOL  |p 005500001292  |q 005500001292  |t BK  |y 0 
901 |a BIBL5-2001-2 
909 |a Ε  |b 086827 
922 |a 5ΕΛΗ  |b 200105  |c ΓΡΑΦΙΚΩΝ ΤΕΧΝΩΝ  |d LEADER BOOKS 
970 |a ΚΡΗΤΙΚΟΥ  |b ΘΩΜΑΙΣ  |z 2001/05/07